[Event "EYCC 2017"]
[Site "Mamaia"]
[Date "2017.09.09"]
[Round "5"]
[White "Parkhov, Yair"]
[Black "Gatineau, Yovann"]
[Result "1-0"]
[WhiteElo "2391"]
[BlackElo "2277"]
[Annotator "TA"]
[PlyCount "67"]
[EventDate "2017.??.??"]
[EventType "swiss"]
[EventCountry "ROU"]
[SourceTitle "playchess.com"]
[Source "ChessBase"]
[SourceQuality "1"]

{[%evp 26,67,12,4,24,0,0,0,0,0,38,22,226,231,227,225,228,206,222,209,225,129,128,128,143,140,142,131,131,111,112,95,166,164,159,169,466,466,466,466,422,223,665,665]} 1. d4 Nf6 2. c4 g6 3. Nc3 d5 4. cxd5 Nxd5 5. e4 Nxc3 6. bxc3 Bg7 7. Nf3 c5 8. Rb1 O-O 9. Be2 Nc6 10. d5 Ne5 11. Nxe5 Bxe5 12. c4 Qa5+ {D85: Exchange Grünfeld: Unusual White 7th moves and lines with 7 Nf3} 13. Bd2 Qxa2 14. O-O {LiveBook: 5 Games} f5 $146 {The position is equal.} ({Find the theoretical novelty and annotate with similar games:} 14... Bd4 15. Bd3 f5 16. Be3 fxe4 17. Bxd4 exd3 18. Bb2 Qxc4 19. Qe1 Qxd5 20. Qxe7 Rf7 21. Qe8+ Rf8 22. Qe7 Rf7 {½-½ (22) Ruefenacht,M (2473)-Holroyd,K (2481) ICCF email 2014}) 15. Be3 fxe4 16. Bxc5 Rf7 17. Be3 a5 18. c5 a4 $2 {[#]} (18... Bd7 $1 $11 {and Black is okay.}) 19. Rb4 $18 Qa3 20. Rxe4 Bf6 21. Bb5 Bf5 22. Rxa4 Rxa4 23. Qxa4 (23. Bxa4 $18 Bd3 24. Re1) 23... Qxa4 $16 24. Bxa4 Rf8 25. Bb5 Ra8 26. h3 Kf7 27. Rd1 Bc2 28. Rc1 Be4 {[#]} (28... Bb3 $16) 29. Bc4 $1 $18 Bb2 30. Rd1 Ra1 $2 (30... Be5 {is a better defense.} 31. f3 Bf5 32. d6+ Be6) 31. Rxa1 Bxa1 32. f3 Bf5 33. g4 (33. c6 $142 bxc6 34. dxc6+ Kf6 35. Ba6) 33... Bd7 $2 (33... Bc8 34. c6 Kf6) 34. c6 {Precision: White = 54%, Black = 40%.} 1-0

[Event "EYCC 2017"]
[Site "Mamaia"]
[Date "2017.09.09"]
[Round "5"]
[White "Kharitonov, Egor"]
[Black "Popov, Konstantin"]
[Result "1/2-1/2"]
[WhiteElo "2387"]
[BlackElo "2141"]
[Annotator "TA"]
[PlyCount "96"]
[EventDate "2017.??.??"]
[EventType "swiss"]
[EventCountry "ROU"]
[SourceTitle "playchess.com"]
[Source "ChessBase"]
[SourceQuality "1"]

{[%evp 10,96,9,2,3,10,4,10,15,11,8,-8,12,0,-1,-16,13,14,49,46,47,35,79,61,53,45,57,27,51,-13,56,0,37,37,37,35,33,27,32,41,24,19,58,58,60,40,60,61,97,100,100,82,108,88,85,85,88,65,132,132,132,132,132,132,132,132,132,132,132,132,132,132,132,132,132,133,133,0,133,70,70,70,79,79,74,45,45,31,42]} 1. d4 d5 2. c4 c6 3. Nf3 Nf6 4. Qc2 dxc4 5. Qxc4 Bg4 6. Nbd2 Nbd7 {D23: Queen's Gambit Accepted: 3 Nf3 Nf6 sidelines} 7. g3 e6 8. Bg2 Be7 {The position is equal.} 9. O-O (9. Qb3 Qb6 10. O-O O-O 11. Nc4 Qa6 12. Bg5 h6 13. Bxf6 Bxf6 14. e3 {½-½ (43) Kozul,Z (2617)-Mamedov,R (2689) Minsk 2017}) 9... O-O 10. e3 Rc8 11. b4 $146 (11. h3 $5 {[%cal Rh3g4]} Bh5 12. b4 $11) ({Predecessor:} 11. Ne5 Bh5 12. Nd3 c5 13. Bxb7 Rc7 14. Bg2 {1-0 (36) Seliverstov,V (2432)-Moskalenko,A (2460) Moscow 2014}) 11... a5 12. a3 Qb6 {[%cal Ra5b4]} 13. Ne5 axb4 14. Nxg4 Nxg4 15. Rb1 e5 16. d5 Ngf6 17. dxc6 Nb8 {[%cal Rb8c6]} 18. axb4 Nxc6 19. b5 ({Better is} 19. Bb2 $14) 19... Nb4 (19... Nd4 $1 $11 20. Qd3 {[#]} Rc3 $1 {[%mdl 512]}) 20. Qe2 (20. Qb3 $14) 20... Nbd5 {[#] And now ...Nc3 would win.} 21. Bb2 Nc3 22. Bxc3 $1 Rxc3 23. Rfc1 $36 {[%mdl 2048] White fights for an advantage.} Rfc8 24. Rxc3 Rxc3 25. Ne4 Rc8 26. Nxf6+ Bxf6 27. Qf3 Rb8 28. Qd5 g6 29. Rc1 Qd8 30. Qb3 b6 31. Bd5 Qd7 32. Rc6 Bd8 33. Qc4 Rb7 (33... Kg7 $14) 34. Rc8 $16 Rc7 35. Bxf7+ $1 Kg7 36. Rxc7 Qxc7 37. Qd5 Be7 38. Be8 Bd6 39. Kg2 Qe7 40. Bc6 Bc7 41. h4 Qf7 42. Qd1 Qf5 43. Qd5 Qf7 $1 44. Qxf7+ ({White should play} 44. Qd3 $16) 44... Kxf7 $14 45. Kf3 Kf6 46. Ke4 Bd6 47. f4 exf4 48. gxf4 Bb4 {Precision: White = 66%, Black = 48%.} 1/2-1/2

[Event "EYCC 2017"]
[Site "Mamaia"]
[Date "2017.09.09"]
[Round "5"]
[White "Pultinevicius, Paulius"]
[Black "Van Foreest, Lucas"]
[Result "1/2-1/2"]
[WhiteElo "2381"]
[BlackElo "2485"]
[Annotator "TA"]
[PlyCount "119"]
[EventDate "2017.??.??"]
[EventType "swiss"]
[EventCountry "ROU"]
[SourceTitle "playchess.com"]
[Source "ChessBase"]
[SourceQuality "1"]

{[%evp 27,119,0,0,-8,0,-23,0,20,7,0,0,0,0,0,0,0,11,-91,-95,-150,-68,-159,-152,-172,-175,-171,-164,-169,-133,-130,-125,-147,-144,-143,-137,-143,-100,-269,-161,-220,-89,-89,-49,-269,-92,-92,-92,-87,-95,-93,0,0,0,-54,0,0,0,0,125,105,127,240,474,531,531,512,422,422,395,0,0,0,368,0,0,0,0,0,0,0,0,0,0,0,0,0,0,0,0,0,0,0,91,93]} 1. e4 c5 2. Ne2 Nc6 3. Nbc3 g6 4. d4 cxd4 5. Nxd4 Bg7 6. Be3 Nf6 7. Bc4 O-O 8. f3 Qb6 9. Bb3 Nxe4 10. Nd5 Qa5+ 11. c3 Bxd4 12. Bxd4 {B35: Sicilian: Accelerated Dragon with 5 Nc3: main line} Nc5 13. Bc4 (13. Bf2 d6 14. O-O Be6 15. Bc2 Bxd5 16. Qxd5 Ne6 17. Qd2 Ne5 18. Bb3 Nc5 19. Bd5 Qb5 {0-1 (28) Csiba,D (2389)-Sjugirov,S (2627) Plovdiv 2010}) 13... Ne6 14. Be3 d6 {LiveBook: 3 Games} 15. Qd2 $1 Ng7 $146 ({Find the theoretical novelty and annotate with similar games:} 15... Qd8 16. O-O-O Ng7 17. Bg5 Be6 18. g4 Rc8 19. Bxe7 Bxd5 20. Bxd8 Bxc4 {1-0 (37) Kotlyar,D-Klundt,K (2366) Ditzingen 2001}) 16. h4 h5 17. O-O-O Be6 18. g4 Rfe8 {White must now prevent ...Ne5.} 19. gxh5 Nxh5 {...Ne5 is the strong threat.} 20. Bb3 $1 Rac8 21. Rhg1 Ne5 {[%cal Bc6e5,Be5c4,Bc4e3][%mdl 32]} 22. Qg2 (22. Qc2 $11) 22... Nf6 $1 $36 {[%mdl 2048] Black has strong initiative.} 23. f4 (23. Nxf6+ $142 exf6 24. Kb1) 23... Nxd5 (23... Nc4 $1 $17 24. Nxf6+ exf6) 24. Bxd5 {[#]} ({Better is} 24. Rxd5 $15 Rxc3+ 25. bxc3 Qxc3+ 26. Kb1 Bf5+ 27. Bc2 Bxc2+ 28. Qxc2 Qxe3 29. Rf1) 24... Rxc3+ $1 {[%mdl 512]} 25. Kb1 (25. bxc3 Qxc3+) 25... Bf5+ 26. Be4 Nc4 (26... Rxe3 27. Bxf5 Nf3 28. Bxg6 $17) 27. Bd4 Rh3 28. Ka1 Ne3 $1 {[%cal Re3g2]} (28... Rxh4 29. Rh1 $14) 29. Bxe3 Rxe3 30. Bxf5 Qxf5 31. Qxb7 a5 32. Rg5 $2 (32. Qd5 $17 {was necessary.} Qxd5 33. Rxd5) 32... Qc2 (32... Qxf4 $142 33. Qd5 Re5 34. Rxe5 Qxe5) 33. Rh1 (33. Rgg1 {might work better.}) 33... Rh3 (33... Rc8 $19 34. Rgg1 Kf8) 34. h5 Rc8 {( -> ...Qc1+!)} 35. Rgg1 $2 {[#]} ({White must play} 35. Rb1 $15) 35... Rxh1 $2 (35... Rxh5 $1 $19 {[%mdl 512] has better winning chances.} 36. Qxc8+ (36. Rxh5 $2 {is a self mate.} Qc1+ 37. Rxc1 Rxc1#) 36... Qxc8 37. Rxh5 e6 38. Rxa5 Qc4) 36. Qxh1 $19 {[%mdl 4096] Endgame KQR-KQR} Kg7 {Threatens to win with ...Rh8.} 37. hxg6 fxg6 38. a3 Rf8 (38... Rb8 $17 {[%csl Gb8][%cal Rc2b2]} 39. Rb1 Rb5) 39. Qh4 $11 Rf6 40. Re1 {[#]} (40. Rh1 $11) 40... Qc7 (40... Re6 $1 $15 {[%mdl 512]}) 41. f5 gxf5 42. Qg5+ Kf8 (42... Rg6 $1 $11 {remains equal.} 43. Rxe7+ Kf8) 43. Rc1 $1 $16 {[%cal Rc1c7][%mdl 1024] White has strong compensation.} Qb7 44. Qh5 Qd5 $2 (44... e5) 45. Rc8+ $18 Kg7 {[#] With the idea ...Rg6.} 46. Qh8+ $1 Kg6 47. Rg8+ Kf7 48. Rf8+ Kg6 {Hoping for ...Rxf8.} (48... Ke6 $2 49. Rxf6+ Kd7 50. Rf8 $18) 49. Rg8+ Kf7 {[#]} 50. Rg7+ $2 (50. Rg1 $1 $18 {[%csl Gg1][%cal Rh8g8]} Ke6 51. Qc8+ Ke5 52. Re1+ Qe4 53. Qc3+ Kf4 54. Rxe4+ fxe4 55. Qxa5) 50... Ke6 $11 51. Qc8+ Ke5 52. Qc3+ Ke6 53. Qc8+ Ke5 54. Rxe7+ Re6 55. Qc3+ Kf4 56. Qc1+ Ke5 $1 57. Qc3+ Kf4 58. Qc1+ Ke5 $1 59. Rf7 Qd4 (59... Rg6 $11 60. Qe1+ Qe4 61. Re7+ (61. Qxa5+ Ke6 $15) 61... Re6 62. Qg3+ f4 63. Qc3+ Kf5 64. Qh3+ Kf6) 60. Qe1+ {Precision: White = 56%, Black = 43%.} 1/2-1/2

[Event "EYCC 2017"]
[Site "Mamaia"]
[Date "2017.09.09"]
[Round "5"]
[White "Engel, Luis"]
[Black "Stefan, Victor"]
[Result "1-0"]
[WhiteElo "2363"]
[BlackElo "2020"]
[Annotator "TA"]
[PlyCount "165"]
[EventDate "2017.??.??"]
[EventType "swiss"]
[EventCountry "ROU"]
[SourceTitle "playchess.com"]
[Source "ChessBase"]
[SourceQuality "1"]

{[%evp 18,165,27,24,16,22,44,36,58,56,95,56,69,62,77,89,110,75,94,73,87,76,95,73,81,68,61,44,50,35,40,18,20,0,0,-14,-21,-24,0,-23,-8,-60,-60,-60,-62,-63,-56,-60,-56,-52,-33,-85,-95,-93,-93,-92,-78,-93,-86,-93,-94,-88,-45,-66,-37,-51,0,-79,-28,-70,-15,-34,0,0,0,0,0,0,0,0,0,0,0,0,-15,-54,0,0,0,0,0,0,0,0,0,0,0,0,0,0,0,0,0,0,0,0,0,0,0,0,0,0,0,0,0,0,0,0,0,0,0,0,100,0,0,0,0,0,0,0,0,0,0,0,0,0,0,0,0,0,0,0,12840,0,12846,12847,12847,12846,12850,12850]} 1. e4 c6 2. d4 d5 3. exd5 cxd5 4. Bd3 Nc6 5. c3 Nf6 6. h3 g6 7. Nf3 Bg7 8. Bf4 Bf5 9. Bxf5 {B13: Caro-Kann: Exchange Variation and Panov-Botvinnik Attack} gxf5 10. O-O {LiveBook: 7 Games} e6 (10... O-O 11. Ne5 Nxe5 12. Bxe5 Ne4 13. Bf4 e6 14. Nd2 Qh4 15. Bh2 Nxd2 16. Qxd2 Bh6 17. Qe2 f4 18. Rfe1 Rae8 19. Rad1 {½-½ (64) Sveshnikov,E (2521)-Malisauskas,V (2450) Tallinn 2013}) 11. Ne5 {The position is equal.} Qb6 12. Nd3 $146 ({Predecessor:} 12. Nd2 Qxb2 13. Rb1 Qxc3 14. Rxb7 O-O 15. Nxc6 Qxc6 16. Rc7 {0-1 (87) Sokalskaja,V (2096)-Gras,D (1900) Germany 2006}) 12... Nd7 13. Nd2 Na5 14. Qa4 a6 15. Nf3 Qb5 16. Qd1 O-O 17. Re1 Rfe8 18. Rb1 Nc6 {[%cal Ba5c6,Bc6e7,Be7g6][%mdl 32]} 19. Qd2 Qa5 20. Bh6 {White wants to mate with Qg5.} Qd8 21. Bxg7 Kxg7 22. Qf4 Rg8 23. Re3 Ne7 24. Nfe5 Ng6 $1 {[%cal Rg6f4]} 25. Rg3 Nf6 $1 26. Nxg6 hxg6 27. Re3 Rc8 28. Nc5 Qc7 (28... Ne4 $5) 29. Qg5 (29. Qxc7 $11 Rxc7 30. f3) 29... Ne4 $15 30. Nxe4 dxe4 31. Ree1 Qc4 32. a3 b5 33. Qg3 Qd5 34. f3 (34. Rf1 $15) 34... exf3 $17 35. Qxf3 Qxf3 36. gxf3 {[%mdl 4096] Endgame KRR-KRR} Kf6 37. Kf2 Rh8 38. Kg3 g5 39. Re5 Rc6 40. Rbe1 Rd8 41. Rh1 Rh8 (41... Rg8 $15) 42. Rh2 (42. Rhe1 $11) 42... Kg6 (42... Rh4 $17) 43. Rd2 Rd8 (43... Rh4 $15) 44. Rde2 Rdd6 45. h4 f6 46. Rc5 f4+ 47. Kh3 Rxc5 48. dxc5 $11 {KR-KR} Rc6 49. b4 gxh4 50. Kg4 e5 {[%cal Be6e5,Be5e4][%mdl 32]} 51. Rc2 Rc8 ({Black should try} 51... f5+ $1 $15 52. Kxh4 Kf6) 52. c4 f5+ 53. Kh3 e4 54. cxb5 axb5 55. a4 bxa4 {...a3 is the strong threat.} 56. c6 {aiming for b5.} e3 57. b5 a3 58. b6 a2 ({Not} 58... e2 59. Rxe2 Rxc6 60. b7 $16) 59. Rxa2 Rxc6 60. b7 $1 {[%cal Rb7b8]} Rb6 {[#]} 61. Ra6 $1 {[%cal Ra6b6][%mdl 512]} Rxa6 62. b8=Q {KQ-KR} Re6 63. Qb3 Kf7 {And now ...e2 would win.} 64. Qb7+ (64. Qd1 $5 {[%cal Rd1e2]}) 64... Kg6 {( -> ...e2)} 65. Qd7 Kf6 66. Qd4+ Kg6 67. Qc4 Kf7 68. Qe2 Rh6 69. Kg2 Re6 {[#]} (69... h3+ $11 70. Kh2 Ke7) 70. Kh2 (70. Kf1 $1 $16 Rc6 71. Qb5 Rc1+ 72. Kg2) 70... Ke7 71. Kh3 (71. Qd1 $5 {[%cal Rd1e2]}) 71... Rh6 72. Qe1 {Strongly threatening Qb4+.} Ke8 73. Qb1 Re6 $1 74. Qxf5 Ke7 75. Qh7+ ({Less strong is} 75. Qxf4 e2 $18) 75... Kd6 76. Qd3+ ({Weaker is} 76. Qxh4 e2 $18) 76... Ke7 77. Qe2 {Threatens to win with Kg4.} Rh6 78. Qe1 {Hoping for Qb4+.} Kf7 79. Qb4 Rf6 $2 {[%mdl 8192] [#]} (79... Re6 $11) 80. Kxh4 $2 (80. Qb7+ $1 $18 Ke8 81. Qc8+ Ke7 82. Qc7+ Ke8 83. Qe5+ Kf7 84. Kxh4) 80... Ke8 $2 {[%mdl 8192]} (80... Re6 $11 81. Qxf4+ Ke7 82. Qb4+ Kf7 83. Qb7+ Re7 84. Qd5+ Re6 85. Qh5+ Kf6 86. Qg5+ Kf7 87. Qf4+ Ke7 88. Qg5+ Kf7 89. Qf4+) 81. Kg5 $18 {White is clearly winning.} Re6 82. Qc4 Kd7 83. Qe2 {Precision: White = 54%, Black = 52%.} 1-0

[Event "EYCC 2017"]
[Site "Mamaia"]
[Date "2017.09.09"]
[Round "5"]
[White "Garcia Martin, Marta"]
[Black "Gueci, Tea"]
[Result "1-0"]
[WhiteElo "2360"]
[BlackElo "2181"]
[Annotator "TA"]
[PlyCount "101"]
[EventDate "2017.??.??"]
[EventType "swiss"]
[EventCountry "ROU"]
[SourceTitle "playchess.com"]
[Source "ChessBase"]
[SourceQuality "1"]

{[%evp 10,101,17,4,17,10,16,24,29,0,30,25,62,16,26,8,33,-27,16,15,25,23,27,21,58,75,64,10,12,11,27,0,0,-45,-45,-64,114,-150,0,-47,-46,-45,-43,-50,0,0,0,-9,79,29,86,67,131,17,91,65,96,79,243,234,401,290,301,295,552,532,1455,1452,1320,264,2393,471,468,456,459,442,583,560,870,737,665,454,471,420,580,348,29987,29988,29986,1287,1020,504,1666,1666]} 1. e4 c5 2. Nf3 e6 3. c3 d5 4. exd5 Qxd5 5. Na3 (5. d4 Nf6 6. Be2 Be7 7. O-O O-O 8. c4 Qd8 9. Nc3 Nc6 10. dxc5 Bxc5 11. Bf4 Qe7 12. Ne5 Nxe5 13. Bxe5 Rd8 14. Qc2 b6 15. Bf3 Bb7 16. Bxb7 Qxb7 17. Bxf6 gxf6 18. Rad1 f5 19. Rxd8+ Rxd8 {½-½ (27) Riazantsev,A (2651)-Vitiugov,N (2721) Novosibirsk 2016}) 5... Nf6 6. Bc4 {LiveBook: 8 Games. B40: Sicilian: 2...e6, Unusual lines} Qe4+ 7. Be2 Be7 8. O-O $146 {The position is equal.} ({Predecessor:} 8. d3 Qd5 9. O-O O-O 10. Bf4 Nh5 11. Be3 Nc6 12. Nc4 Rd8 {1-0 (61) Farkas,L (2204)-Lorin,F (2040) ICCF email 2009}) 8... O-O 9. Re1 Nbd7 10. d4 Rd8 11. Ng5 (11. Bc4 $5 {[%cal Re1e4]} Qc6 12. Bf4 $14) 11... Qc6 $1 12. Bf3 Qa6 13. Qb3 ({White should play} 13. Bh5 $14 g6 14. Be2) 13... Nb6 14. dxc5 Bxc5 15. Nb5 {Hoping for Nc7.} Nbd5 16. c4 {[%cal Bc3c4,Bc4d5][%mdl 32]} Qb6 17. cxd5 Bxf2+ 18. Kf1 (18. Kh1 $14 Bxe1 19. Be3) 18... Bxe1 $11 {[%csl Ge1][%cal Rb6f2]} ({Much weaker is} 18... Nxd5 $6 19. Re2 $16) 19. Be3 Qa5 20. Rxe1 {[%cal Rd5e6]} Nxd5 21. Bd4 {Bxd5 is the strong threat.} (21. Bf2 $5 {[%cal Rf3d5]}) 21... Bd7 $1 {[%cal Rd7b5]} 22. Na3 Bc6 $2 (22... Ne7 $15 {keeps the upper hand.} 23. Ne4 Nf5) 23. Be4 $2 {[%mdl 8192]} (23. Qc2 $16 {is forced if you want to stay better.} g6 24. Qf2) 23... h6 (23... Nf4 $17 24. Nf3 Nxg2 $1 {[%mdl 512]} 25. Kxg2 Rxd4 26. Bxc6 Rg4+ 27. Kh1 bxc6) 24. Nf3 Ba4 25. Qc4 Rac8 26. Qe2 Nf4 27. Qe3 Nd5 28. Qf2 f5 (28... f6 $11) 29. Qg3 {[%csl Gd4][%cal Rg3g7][%mdl 1024] White has strong compensation.} Rd7 (29... Qc7 $11 30. Bxd5 Rxd5) 30. Bb1 Nc7 (30... Qa6+ $14 31. Kg1 Qd6) 31. Kg1 (31. Bd3 $16) 31... Rcd8 (31... Bc6 $11 32. Bf2 Bxf3 33. Qxf3 Nd5) 32. Bc3 Qb6+ 33. Kh1 $1 Qd6 $2 (33... Ne8 $16 {is a better defense.}) 34. Ne5 $18 Re7 $2 (34... Nd5 {keeps fighting.} 35. Nac4 (35. Nxd7 Qxg3 36. hxg3 Nxc3 $16) 35... Qc7) 35. Nac4 Qa6 36. Bb4 Red7 $2 (36... Nd5) 37. Nxd7 Qxc4 38. Nf6+ $1 Kf7 39. Nh5 $2 (39. Bxf5 {[%csl Gf5][%cal Rg3g6]} g5 40. Ng4) 39... g6 $2 {[#]} (39... Ne8) 40. Bc3 (40. Bxf5 $142 $1 {[%mdl 512]} exf5 41. Qe5 gxh5 42. Qxf5+ Kg8 43. Qg6+ Kh8 44. Qxh6+ Kg8 45. Qg5+ Kh8 46. Qxd8+ Ne8 47. Bc3+ Kh7 48. Qg5) 40... Rd1 41. Rxd1 Bxd1 {[%cal Rc4f1]} 42. Bd3 Qc6 43. Nf6 b5 44. Qe5 {aiming for Ng8.} b4 45. Bxb4 Qc1 {( -> ...Be2+)} 46. Be1 g5 47. Qc3 Qe3 $2 (47... Qxc3 $18 48. Bxc3 Ba4) 48. Qxc7+ Kxf6 49. Bc3+ (49. Qd8+ $142 Ke5 50. Bc3+ Kf4 {[#]} 51. Bd2 $1 {[%mdl 512]} e5 52. Bb1 Be2 53. Qd7 e4 54. Qc7+ Kg4 55. Bxe3) 49... Kg6 50. Qg3 (50. h3 $142) 50... Qc1 (50... Qxg3 $142 51. hxg3 Kf7) 51. Qe1 {Precision: White = 35%, Black = 23%.} 1-0

[Event "EYCC 2017"]
[Site "Mamaia"]
[Date "2017.09.09"]
[Round "5"]
[White "Suleymanli, Aydin"]
[Black "Chyzy, Jakub"]
[Result "1/2-1/2"]
[WhiteElo "2351"]
[BlackElo "2060"]
[Annotator "TA"]
[PlyCount "154"]
[EventDate "2017.??.??"]
[EventType "swiss"]
[EventCountry "ROU"]
[SourceTitle "playchess.com"]
[Source "ChessBase"]
[SourceQuality "1"]

{[%evp 19,154,16,35,22,44,21,35,22,46,26,35,-11,0,0,0,-38,-41,-54,0,-63,-28,-20,-10,-17,8,8,6,-1,-10,-27,-27,-29,-27,-37,-37,-45,-37,-39,-4,-1,0,0,10,0,0,-27,0,-98,-94,-119,-110,-104,-6,-6,-3,-211,-216,-197,-198,-176,-126,-135,-134,-134,-64,-138,-130,-125,-77,-73,-8,-8,-8,-8,0,0,0,0,0,0,0,-4,-4,-10,0,0,0,0,-25,0,0,0,0,0,0,0,0,0,0,0,0,0,0,0,0,0,0,0,0,0,0,0,0,0,0,0,0,0,0,0,0,0,0,0,0,0,0,0,0,0,0,0,0,0,0,0,0]} 1. d4 d5 2. c4 e6 3. Nc3 Nf6 4. Bg5 Be7 5. cxd5 exd5 6. Qc2 O-O 7. e3 Nbd7 8. Bd3 Re8 9. Nge2 Nf8 10. O-O a6 {LiveBook: 6 Games. D35: Queen's Gambit Declined: Exchange Variation} (10... c6 11. Rae1 Bg4 12. f3 Bh5 13. Bh4 Bg6 14. Bf2 Bd6 15. Bxg6 Nxg6 16. h3 Bc7 17. e4 dxe4 18. fxe4 Bb6 19. Kh1 {½-½ (81) Wang,Y (2718)-Battulga,N (2402) China 2016}) 11. f3 Be6 12. Rad1 Rc8 13. Kh1 $146 ({Predecessor:} 13. h3 c5 14. dxc5 Rxc5 15. Nd4 b5 16. a3 Qb6 17. Qf2 Bc8 18. Nb3 Rxc3 19. bxc3 Bxa3 {½-½ (38) Abello,S (2284)-Lemeaux,D (2212) France 2009}) 13... N6d7 14. Bf4 c5 15. Bf5 (15. e4 $5 {[%cal Re4d5]}) 15... b5 {...cxd4 is the strong threat.} 16. dxc5 Rxc5 17. Qd3 Nb6 18. Nd4 Nc4 (18... Bf6 $1 $15) 19. Rb1 (19. Qe2 $1 $11) 19... g6 20. Bxe6 fxe6 21. Bg3 Bf6 22. b3 Nb6 23. f4 Nfd7 24. h3 Rc8 25. Qd2 Nc5 26. a3 Qe7 27. Bh2 Bg7 28. Rfd1 Nbd7 29. b4 Nb7 30. e4 Nb6 31. exd5 exd5 32. Re1 Qf6 33. Re5 (33. Bg1 $11) 33... Nc4 $17 34. Qd3 Nxe5 35. fxe5 Rxe5 (35... Qf7 $17 36. Nf3 d4 $1 {[%mdl 512]} 37. Qxd4 Qc4 38. Qd5+ Qxd5 39. Nxd5 Nd8) 36. Bxe5 $11 Qxe5 37. Nde2 $2 {[#]} (37. Nf3 $11 {and White has nothing to worry.} Qxc3 38. Qxd5+ Kh8 39. Qxb7) 37... d4 $1 $19 {[%cal Rd4c3]} 38. Ne4 {[#]} Re8 $1 39. N2g3 Qc7 40. Qf3 Rf8 41. Qg4 Be5 (41... Qe5 $17 42. Qd7 Nd8) 42. Rf1 ({White should play} 42. Re1 $15) 42... Rxf1+ 43. Nxf1 Qf7 {[%cal Rf7f1]} 44. Nfd2 Nd6 (44... Qf5 $17 {Threatening ...Qxg4.} 45. Kg1 Qxg4 46. hxg4 d3) 45. Nxd6 $11 Bxd6 46. Qxd4 Bc7 47. Kg1 Qe6 48. Kf1 Bb6 49. Qe4 Kf7 (49... Qxe4 {keeps more tension.} 50. Nxe4 Kf7 51. Ke2 h5 52. Kf3 Bd4) 50. Ke2 Qxe4+ 51. Nxe4 {[%mdl 4096] Endgame KB-KN} h6 52. Kd3 Ke6 53. Nc3 $1 Ke5 54. a4 Bd4 {The position is equal.} 55. Ne2 Ba1 56. axb5 axb5 57. Ke3 Kd5 58. Kd3 Be5 59. Nc1 Bd6 60. Na2 Ke5 61. Nc3 Bxb4 62. Nxb5 Kf4 {White must now prevent ...Kg3.} 63. g4 Kg3 64. Ke4 Kxh3 65. Kf3 Kh4 66. Nd4 Kg5 67. Ne6+ Kf6 68. Nf4 Bd6 {[#]} 69. g5+ $1 {[%mdl 512]} hxg5 (69... Kf5 $5 {[%cal Rd6f4]} 70. Nxg6 hxg5 71. Nh4+ gxh4 $11) (69... Kxg5 70. Nxg6) 70. Nd5+ Kf5 {aiming for ...g4+.} 71. Ne3+ Ke6 72. Ke4 Bf4 {And now ...Bxe3 would win.} 73. Ng4 Ke7 {Threatens to win with ...Kd6.} 74. Nh6 Kd6 75. Nf7+ Kc5 76. Kf3 Kd5 {Hoping for ...Ke6.} 77. Kg4 Ke6 {Precision: White = 59%, Black = 44%.} 1/2-1/2

[Event "EYCC 2017"]
[Site "Mamaia"]
[Date "2017.09.09"]
[Round "5"]
[White "Bjerre, Jonas Buhl"]
[Black "Mis, Mieszko"]
[Result "1/2-1/2"]
[WhiteElo "2348"]
[BlackElo "2245"]
[Annotator "NA"]
[PlyCount "43"]
[EventDate "2017.??.??"]
[EventType "swiss"]
[EventCountry "ROU"]
[SourceTitle "playchess.com"]
[Source "ChessBase"]
[SourceQuality "1"]
[TimeControl "40/5400+30:1800+30"]

1. e4 {[%emt 0:00:00]} e5 {[%emt 0:00:10]} 2. Nf3 {[%emt 0:00:00]} Nc6 {[%emt 0:00:10]} 3. Bb5 {[%emt 0:00:00]} a6 {[%emt 0:00:17]} 4. Ba4 {[%emt 0:00:18]} Nf6 {[%emt 0:00:11]} 5. O-O {[%emt 0:00:22]} Be7 {[%emt 0:00:15]} 6. Re1 {[%emt 0:00:37]} b5 {[%emt 0:00:06]} 7. Bb3 {[%emt 0:00:03]} O-O {[%emt 0:00:18]} 8. d4 {[%emt 0:01:58]} d6 {[%emt 0:00:12]} 9. c3 {[%emt 0:00:29]} Bg4 {[%emt 0:00:05]} 10. Be3 {[%emt 0:01:08]} exd4 {[%emt 0:00:16]} 11. cxd4 {[%emt 0:00:16]} Na5 {[%emt 0:00:05]} 12. Bc2 {[%emt 0:00:39]} c5 {[%emt 0:00:04]} 13. Nbd2 {[%emt 0:04:34]} cxd4 {[%emt 0:00:18]} 14. Bxd4 {[%emt 0:02:17]} Nc6 {[%emt 0:00:02]} 15. Be3 {[%emt 0:01:16]} d5 {[%emt 0:00:31]} 16. h3 {[%emt 0:13:46]} Bh5 {[%emt 0:00:26]} 17. Bf4 {[%emt 0:16:06]} Bxf3 {[%emt 0:08:46]} 18. Nxf3 {[%emt 0:03:45]} Nxe4 {[%emt 0:01:56]} 19. Bxe4 {[%emt 0:01:06]} dxe4 {[%emt 0:00:03]} 20. Rxe4 {[%emt 0:00:38]} Bf6 {[%emt 0:06:23]} 21. Re2 {[%emt 0:09:22]} Qxd1+ {[%emt 0:01:34]} 22. Rxd1 {[%emt 0:01:05]} 1/2-1/2

[Event "EYCC 2017"]
[Site "Mamaia"]
[Date "2017.09.09"]
[Round "5"]
[White "Gavrilescu, David"]
[Black "Remizov, Yaroslav"]
[Result "1/2-1/2"]
[WhiteElo "2346"]
[BlackElo "2146"]
[Annotator "NA"]
[PlyCount "41"]
[EventDate "2017.??.??"]
[EventType "swiss"]
[EventCountry "ROU"]
[SourceTitle "playchess.com"]
[Source "ChessBase"]
[SourceQuality "1"]
[TimeControl "40/5400+30:1800+30"]

1. e4 {[%emt 0:00:00]} c6 {[%emt 0:00:02]} 2. Nc3 {[%emt 0:00:27]} d5 {[%emt 0:00:07]} 3. Nf3 {[%emt 0:00:40]} Nf6 {[%emt 0:00:07]} 4. e5 {[%emt 0:01:04]} Ne4 {[%emt 0:00:05]} 5. Ne2 {[%emt 0:00:45]} Bf5 {[%emt 0:01:12]} 6. d3 {[%emt 0:01:51]} Nc5 {[%emt 0:00:19]} 7. Ng3 {[%emt 0:07:30]} Bg6 {[%emt 0:03:33]} 8. c3 {[%emt 0:02:27]} e6 {[%emt 0:01:11]} 9. Be2 {[%emt 0:03:12]} Be7 {[%emt 0:00:35]} 10. O-O {[%emt 0:01:55]} O-O {[%emt 0:00:38]} 11. Be3 {[%emt 0:06:26]} Ncd7 {[%emt 0:03:02]} 12. c4 {[%emt 0:06:41]} dxc4 {[%emt 0:05:22]} 13. dxc4 {[%emt 0:01:09]} Qc7 {[%emt 0:00:47]} 14. Bf4 {[%emt 0:02:53]} Rd8 {[%emt 0:04:44]} 15. Qc1 {[%emt 0:03:41]} a5 {[%emt 0:01:45]} 16. Rd1 {[%emt 0:04:54]} Na6 {[%emt 0:04:44]} 17. h4 {[%emt 0:06:34]} Ndc5 {[%emt 0:11:06]} 18. Qe3 {[%emt 0:04:32]} Nb4 {[%emt 0:03:00]} 19. Ne1 {[%emt 0:01:33]} Rxd1 {[%emt 0:15:13]} 20. Rxd1 {[%emt 0:01:55]} Rd8 {[%emt 0:02:23]} 21. h5 1/2-1/2